01460cac a22002775a 450000500170000000800410001702000180005804000380007608200200011424500560013425000120019026000430020230000370024550400530028265000270033565300260036265500210038870000230040994200080043299900150044095201270045595201390058295201650072195201700088695201260105620201128013247.0081104s2002 nyua frb 001 0 eng d a9780333945711 aEG-ScBUEbengcEG-ScBUEdEG-ScBUE04a301.21bINT22200aIntroductory sociology /cTony Bilton ... [et. al.] a4th ed. aNew York :bPalgrave Macmillan,c2002. axxxiii, 596 p. :bill. ;c24 cm. aIncludes bibliographical references and indexes. 7aSociology.97182BUEsh bBUSECOcSeptember2017 vText book9337281 aBilton, Tony.9803 2ddc c2964d2964 00102ddc4070aMAINbMAINc1STd2013-03-07ePurchasel22m78o301.21 INTp000001148r2026-02-08 00:00:00s2025-09-30yBB 00102ddc4070aMAINbMAINc1STd2013-03-07ePurchasel13m26o301.21 INTp000001147q2019-03-23r2018-09-26 00:00:00s2018-09-26yBB 00102ddc3Please return it to cataloging department4070aMAINbMAINc1STd2013-03-07ePurchasel1o301.21 INTp000001146q2008-07-25r2008-02-26 00:00:00yBB 00102ddc3Please return it to cataloging department4070aMAINbMAINc1STd2008-11-04ePurchasel12m31o301.21 INTp000006127r2025-10-21 00:00:00s2025-09-08yBB 00102ddc40708BaccahaMAINbMAINc1STd2017-09-28ePurchaseg550.00l0o301.21 INTp000046552r2025-07-15 00:00:00yNB